|
|
|
|
| LEADER |
00000nam0a2200000 4500 |
| 001 |
302569 |
| 005 |
20231102001521.0 |
| 035 |
|
|
|a (RuTPU)RU\TPU\book\327776
|
| 090 |
|
|
|a 302569
|
| 100 |
|
|
|a 20150824d1970 km y0rusy50 ca
|
| 101 |
0 |
|
|a rus
|
| 102 |
|
|
|a RU
|
| 105 |
|
|
|a a z 001zy
|
| 200 |
1 |
|
|a Магнитные стабилизаторы постоянного напряжения
|f Ю. Я. Дусавицкий
|
| 210 |
|
|
|a Москва
|c Энергия
|d 1970
|
| 215 |
|
|
|a 88 с.
|c ил.
|
| 225 |
1 |
|
|a Библиотека по автоматике
|v Вып. 403
|
| 320 |
|
|
|a Библиогр.: с. 84-86.
|
| 606 |
1 |
|
|a Стабилизаторы напряжения магнитные
|2 stltpush
|3 (RuTPU)RU\TPU\subj\56132
|9 74046
|
| 610 |
1 |
|
|a постоянное напряжение
|
| 610 |
1 |
|
|a магнитные стабилизаторы напряжения
|
| 610 |
1 |
|
|a схемы
|
| 610 |
1 |
|
|a автоколебания
|
| 610 |
1 |
|
|a устойчивость
|
| 610 |
1 |
|
|a редактирование
|
| 610 |
1 |
|
|a расчет
|
| 610 |
1 |
|
|a параллельное включение
|
| 675 |
|
|
|a 621.316.772.1
|v 3
|
| 700 |
|
1 |
|a Дусавицкий
|b Ю. Я.
|g Юрий Яковлевич
|
| 801 |
|
1 |
|a RU
|b 63413507
|c 20150824
|
| 801 |
|
2 |
|a RU
|b 63413507
|c 20150916
|g RCR
|
| 942 |
|
|
|c BK
|